000 00282nam a22001337a 4500
008 181009b xxu||||| |||| 00| 0 eng d
020 _a9780789503152
041 _aeng
080 _a004
100 _a28
101 _aSHKI
245 _aUsing Computers
_cShelly
942 _2udc
_cBK
999 _c49115
_d49115